[Event "Alzira op 12th"]
[Site "Alzira"]
[Date "2022.12.30"]
[Round "7"]
[White "Barbero Verdu, Francisco"]
[Black "Donate Moreno, David"]
[Result "0-1"]
[WhiteElo "1918"]
[BlackElo "1855"]
[PlyCount "78"]
[EventDate "2022.12.27"]
[EventType "swiss"]
[EventRounds "8"]
[EventCountry "ESP"]
[SourceTitle "CBM 212 Extra"]
[Source "ChessBase"]
[SourceDate "2023.03.31"]
[SourceVersion "1"]
[SourceVersionDate "2023.03.31"]
[SourceQuality "1"]

1. c4 g6 2. Nc3 e5 3. g3 Bg7 4. Bg2 d6 5. e3 f5 6. Nge2 Nf6 7. b3 0-0 8. 0-0 c6 9. Bb2 Na6 10. Rc1 e4 11. d3 d5 12. cxd5 cxd5 13. dxe4 dxe4 14. Ba3 Re8 15. Qxd8 Rxd8 16. Rfd1 Be6 17. Nd4 Bf7 18. Bf1 Nb8 19. Ndb5 Nc6 20. Nd6 Bf8 21. Nxf7 Rxd1 22. Rxd1 Bxa3 23. Ng5 Ne5 24. Nd5 Nfd7 25. Ne6 Kf7 26. Nd4 a6 27. Rd2 Rc8 28. Be2 Rc5 29. Nf4 Bb4 30. Rc2 Rxc2 31. Nxc2 Bc5 32. Kg2 g5 33. Nd5 Ke6 34. Nc3 Nd3 35. Kf1 N7e5 36. a3 b5 37. b4 Ba7 38. a4 bxa4 39. Nxa4 Kd5 0-1

[Event "Alzira op 12th"]
[Site "Alzira"]
[Date "2022.12.27"]
[Round "2"]
[White "Sanmateu Juan, Sergio"]
[Black "Barbero Verdu, Francisco"]
[Result "0-1"]
[WhiteElo "1644"]
[BlackElo "1918"]
[PlyCount "116"]
[EventDate "2022.12.27"]
[EventType "swiss"]
[EventRounds "8"]
[EventCountry "ESP"]
[SourceTitle "CBM 212 Extra"]
[Source "ChessBase"]
[SourceDate "2023.03.31"]
[SourceVersion "1"]
[SourceVersionDate "2023.03.31"]
[SourceQuality "1"]

1. e4 c5 2. Nc3 Nc6 3. g3 g6 4. Bg2 Bg7 5. d3 e6 6. f4 Nge7 7. Nf3 0-0 8. 0-0 d6 9. g4 f5 10. h3 a6 11. Ne2 Qc7 12. c3 b5 13. Qc2 Rb8 14. Be3 b4 15. c4 Qb6 16. Nd2 Bd7 17. Rad1 a5 18. b3 fxg4 19. hxg4 Nd4 20. Nxd4 cxd4 21. Bf2 Rxf4 22. Bh4 Rxf1+ 23. Rxf1 Nc6 24. c5 Qxc5 25. Qd1 Ne5 26. Nc4 Nxc4 27. bxc4 g5 28. Bg3 a4 29. Rf2 b3 30. axb3 axb3 31. Rb2 Qa3 32. Qd2 h6 33. Bf3 e5 34. Bd1 Qa1 35. Kg2 Ra8 36. Bxb3 Kh8 37. Qc2 Bxg4 38. c5 Rc8 39. Ra2 Qc3 40. Qxc3 dxc3 41. cxd6 h5 42. Rc2 Bd1 43. d7 Rd8 44. Rxc3 Bxb3 45. Rxb3 Rxd7 46. Kf3 Kh7 47. Ke3 g4 48. Rb5 Bh6+ 49. Ke2 Ra7 50. Bxe5 h4 51. Bf6 h3 52. Be5 Ra2+ 53. Kf1 h2 54. Bxh2 Rxh2 55. e5 g3 56. Rb7+ Kg6 57. Rb6+ Kf5 58. d4 g2+ 0-1

[Event "Alzira U2200 op 9th"]
[Site "Alzira"]
[Date "2019.12.27"]
[Round "2.3"]
[White "Barbero Verdu, Francisco"]
[Black "Montesinos Diaz, Luis"]
[Result "0-1"]
[WhiteElo "2025"]
[BlackElo "1798"]
[PlyCount "52"]
[EventDate "2019.12.27"]
[EventType "swiss"]
[EventRounds "8"]
[EventCountry "ESP"]
[SourceTitle "EXT 2024"]
[Source "ChessBase"]
[SourceDate "2023.10.10"]
[SourceVersion "1"]
[SourceVersionDate "2023.10.10"]
[SourceQuality "1"]

1. c4 e5 2. Nc3 Nc6 3. g3 d6 4. Bg2 g6 5. e3 Bg7 6. Nge2 f5 7. 0-0 Nf6 8. b3 0-0 9. Bb2 Ne7 10. d3 c6 11. Qc2 g5 12. b4 Be6 13. c5 Ned5 14. a3 f4 15. Nxd5 Nxd5 16. Bxd5 Bxd5 17. e4 Be6 18. f3 Rf6 19. g4 h5 20. h3 Qd7 21. Kf2 Rh6 22. Rh1 dxc5 23. Qxc5 Qxd3 24. Rad1 Qb3 25. Bc3 b6 26. Qxc6 Rc8 0-1

[Event "Alzira U2200 op 9th"]
[Site "Alzira"]
[Date "2019.12.27"]
[Round "1.4"]
[White "Fernandez Sanchez, Vicente"]
[Black "Barbero Verdu, Francisco"]
[Result "0-1"]
[WhiteElo "1661"]
[BlackElo "2025"]
[PlyCount "74"]
[EventDate "2019.12.27"]
[EventType "swiss"]
[EventRounds "8"]
[EventCountry "ESP"]
[SourceTitle "EXT 2024"]
[Source "ChessBase"]
[SourceDate "2023.10.10"]
[SourceVersion "1"]
[SourceVersionDate "2023.10.10"]
[SourceQuality "1"]

1. Nf3 Nf6 2. b3 b6 3. g3 Bb7 4. Bg2 e6 5. Bb2 Be7 6. 0-0 0-0 7. c4 d5 8. d3 c5 9. Ne1 Qd7 10. Nd2 d4 11. Bxb7 Qxb7 12. Nef3 Nc6 13. e3 dxe3 14. fxe3 Rad8 15. Qe2 Nb4 16. Ne5 Qc7 17. a3 Nc6 18. Nxc6 Qxc6 19. Nf3 Nd7 20. Rad1 f6 21. d4 Nb8 22. e4 cxd4 23. Nxd4 Bc5 24. Kg2 Bxd4 25. Rxd4 e5 26. Rd5 Rd7 27. Rfd1 Rfd8 28. g4 h6 29. R1d2 Na6 30. b4 Nc7 31. Rxd7 Rxd7 32. Rxd7 Qxd7 33. Kf3 Ne6 34. Ke3 Nf4 35. Qd2 Qxg4 36. c5 Qh3+ 37. Kf2 bxc5 0-1

[Event "Valencia CEX-CAA 4th"]
[Site "Valencia"]
[Date "2019.11.02"]
[Round "3.2"]
[White "Barbero Verdu, Francisco"]
[Black "Miquel Badenes, Indalecio"]
[Result "0-1"]
[WhiteElo "2025"]
[BlackElo "1784"]
[PlyCount "178"]
[EventDate "2019.10.19"]
[EventType "swiss"]
[EventRounds "7"]
[EventCountry "ESP"]
[SourceTitle "EXT 2024"]
[Source "ChessBase"]
[SourceDate "2023.10.10"]
[SourceVersion "1"]
[SourceVersionDate "2023.10.10"]
[SourceQuality "1"]

1. b3 b6 2. Bb2 Bb7 3. Nf3 Nf6 4. e3 e6 5. Be2 c5 6. 0-0 d5 7. d4 Nbd7 8. Nbd2 Qc7 9. c4 Be7 10. cxd5 Bxd5 11. Rc1 Qb7 12. Qc2 0-0 13. Rfd1 Rac8 14. Qb1 cxd4 15. Bxd4 Nc5 16. Qb2 Nce4 17. Bf1 Rfd8 18. Be5 Ne8 19. Nxe4 Bxe4 20. Rxd8 Rxd8 21. Nd4 Bd6 22. Bxd6 Nxd6 23. f3 Bg6 24. Qa3 Qd7 25. Nc6 Ra8 26. Ne5 Qe7 27. Rc6 Nf5 28. Qc1 f6 29. Nxg6 hxg6 30. Bc4 Nd6 31. Qc2 Rd8 32. Be2 Nf5 33. Kf2 Qd7 34. g4 Ne7 35. Rc7 Qd6 36. Kg1 Rd7 37. Rxd7 Qxd7 38. Bc4 Kf8 39. a4 Qd6 40. Kg2 Qc5 41. Qe4 Nd5 42. Kf2 Qd6 43. f4 f5 44. Qd4 Qc5 45. Qe5 Kf7 46. g5 Qc7 47. Qd4 Qd6 48. a5 Qc5 49. Bxd5 Qxd5 50. Qxd5 exd5 51. axb6 axb6 52. Ke2 Ke6 53. Kd3 Kd6 54. Kd4 Kc6 55. b4 Kd6 56. Kc3 Kc6 57. Kb3 Kd6 58. Ka4 Kc6 59. h3 Kc7 60. Kb5 Kb7 61. h4 Kc7 62. Ka6 Kc6 63. Ka7 Kb5 64. Kb7 Kxb4 65. Kxb6 Kc4 66. Kc6 d4 67. e4 d3 68. e5 d2 69. e6 d1Q 70. e7 Qd5+ 71. Kc7 Qc5+ 72. Kd7 Qd5+ 73. Kc7 Qe6 74. Kd8 Qd6+ 75. Ke8 Qxf4 76. Kf8 Qd6 77. Kf7 Qd7 78. Kf8 f4 79. e8Q Qxe8+ 80. Kxe8 f3 81. Kf7 f2 82. Kxg6 f1Q 83. Kxg7 Qh3 84. g6 Qxh4 85. Kf7 Qf4+ 86. Kg8 Kd5 87. g7 Ke6 88. Kh7 Qh2+ 89. Kg8 Kf6 0-1

[Event "Alzira Chrismas 7th"]
[Site "Alzira"]
[Date "2017.12.30"]
[Round "7.2"]
[White "Lopez Escribano, Oscar"]
[Black "Barbero Verdu, Francisco"]
[Result "0-1"]
[WhiteElo "1787"]
[BlackElo "1989"]
[PlyCount "138"]
[EventDate "2017.12.27"]
[EventType "swiss"]
[EventRounds "8"]
[EventCountry "ESP"]
[SourceTitle "EXT 2024"]
[Source "ChessBase"]
[SourceDate "2023.10.10"]
[SourceVersion "1"]
[SourceVersionDate "2023.10.10"]
[SourceQuality "1"]

1. d4 Nf6 2. Bf4 d6 3. Nf3 g6 4. e3 Bg7 5. Be2 Nbd7 6. 0-0 0-0 7. c4 Re8 8. Nc3 c6 9. h3 b6 10. Qc2 Bb7 11. Rad1 Qc7 12. b4 a5 13. a3 axb4 14. axb4 Nh5 15. Bh2 Qc8 16. Nd2 Nhf6 17. Ra1 e5 18. Rxa8 Qxa8 19. Bf3 d5 20. dxe5 Nxe5 21. Bxe5 Rxe5 22. cxd5 cxd5 23. Qb3 Ne4 24. Ndb1 Ng5 25. Nd2 Nxf3+ 26. Nxf3 Re8 27. Nd4 Rc8 28. Na4 Qa6 29. Rb1 Bxd4 30. exd4 Rc4 31. Re1 Bc6 32. Nc3 b5 33. Ne2 Bd7 34. g4 Qd6 35. Rb1 f5 36. Qf3 Qe6 37. gxf5 Qxf5 38. Qxf5 Bxf5 39. Rb2 Bxh3 40. f3 Bf5 41. Kf2 Kf7 42. Ke3 Kf6 43. Rb3 g5 44. Nc3 Bc2 45. Ra3 Ba4 46. Nxd5+ Ke6 47. Nb6 Rxb4 48. Nxa4 bxa4 49. Ke4 h5 50. Rc3 Rb6 51. Rc5 Kf6 52. Ra5 Re6+ 53. Kd5 Re3 54. Rxa4 Rxf3 55. Ra8 g4 56. Ke4 Kg5 57. d5 Rf1 58. d6 Re1+ 59. Kd5 Rd1+ 60. Ke6 Re1+ 61. Kd5 g3 62. Rg8+ Kh4 63. d7 Rd1+ 64. Ke6 Kh3 65. d8Q Rxd8 66. Rxd8 g2 67. Rg8 h4 68. Kf5 Kh2 69. Rg4 h3 0-1

[Event "Alzira Chrismas 7th"]
[Site "Alzira"]
[Date "2017.12.28"]
[Round "4.1"]
[White "Barbero Verdu, Francisco"]
[Black "Chernikov, Vladimir"]
[Result "1-0"]
[WhiteElo "1989"]
[BlackElo "2109"]
[PlyCount "67"]
[EventDate "2017.12.27"]
[EventType "swiss"]
[EventRounds "8"]
[EventCountry "ESP"]
[SourceTitle "EXT 2024"]
[Source "ChessBase"]
[SourceDate "2023.10.10"]
[SourceVersion "1"]
[SourceVersionDate "2023.10.10"]
[SourceQuality "1"]

1. c4 e5 2. Nc3 Nf6 3. g3 c6 4. d4 exd4 5. Qxd4 d5 6. Bg2 dxc4 7. Qxc4 Be6 8. Qa4 Bc5 9. Nf3 Qb6 10. 0-0 Nbd7 11. a3 Bb3 12. Qf4 Nd5 13. Qe4+ Kf8 14. Na4 Bxa4 15. Qxa4 Re8 16. b4 Bxf2+ 17. Kh1 N7f6 18. Qc2 Ne3 19. Bxe3 Qxe3 20. Ra2 Ne4 21. Qd3 Qh6 22. Nh4 g5 23. Nf5 Nxg3+ 24. Nxg3 Bxg3 25. Qxg3 Qe6 26. Rd2 h6 27. Qc3 Qe5 28. Qc4 f5 29. Qg4 f4 30. e3 Qxe3 31. Qf5+ Kg7 32. Rd6 Qe5 33. Rg6+ Kh7 34. Qf7+ 1-0

[Event "Alzira Christmas 5th"]
[Site "Alzira"]
[Date "2015.12.30"]
[Round "7.4"]
[White "Barbero Verdu, Francisco"]
[Black "Romero Calduch, Sergio"]
[Result "0-1"]
[WhiteElo "2026"]
[BlackElo "2149"]
[PlyCount "38"]
[EventDate "2015.12.28"]
[EventType "swiss"]
[EventRounds "7"]
[EventCountry "ESP"]
[SourceTitle "EXT 2024"]
[Source "ChessBase"]
[SourceDate "2023.10.10"]
[SourceVersion "1"]
[SourceVersionDate "2023.10.10"]
[SourceQuality "1"]

1. c4 f5 2. b3 Nf6 3. Bb2 e6 4. Nf3 d5 5. e3 c6 6. Be2 Bd6 7. d3 Qe7 8. Nbd2 Nbd7 9. Qc2 0-0 10. 0-0 e5 11. c5 Bc7 12. b4 e4 13. Nd4 Ne5 14. a4 Nfg4 15. h3 Qh4 16. N4b3 Rf6 17. dxe4 fxe4 18. Bxg4 Bxg4 19. Nxe4 Nf3+ 0-1

[Event "Alzira Christmas 5th"]
[Site "Alzira"]
[Date "2015.12.30"]
[Round "6.4"]
[White "Moreno Carrascosa, Bartolome"]
[Black "Barbero Verdu, Francisco"]
[Result "1-0"]
[WhiteElo "2154"]
[BlackElo "2026"]
[PlyCount "51"]
[EventDate "2015.12.28"]
[EventType "swiss"]
[EventRounds "7"]
[EventCountry "ESP"]
[SourceTitle "EXT 2024"]
[Source "ChessBase"]
[SourceDate "2023.10.10"]
[SourceVersion "1"]
[SourceVersionDate "2023.10.10"]
[SourceQuality "1"]

1. Nf3 Nf6 2. d4 g6 3. Bg5 Bg7 4. Nbd2 d6 5. e3 c6 6. Be2 0-0 7. 0-0 Nbd7 8. e4 Qc7 9. c3 Re8 10. Re1 a5 11. a4 e5 12. Bf1 b6 13. Qb3 Rb8 14. Rad1 Nf8 15. Nc4 b5 16. Nxd6 bxa4 17. Nxe8 Nxe8 18. Qxa4 exd4 19. Nxd4 Bd7 20. Qa3 c5 21. Nc2 Be6 22. Ne3 Rb3 23. Qa4 Nf6 24. Nd5 Bxd5 25. exd5 Ng4 26. Qxg4 1-0

[Event "Alzira Christmas 5th"]
[Site "Alzira"]
[Date "2015.12.28"]
[Round "3.2"]
[White "Barbero Verdu, Francisco"]
[Black "Uran Bermudez, Oliver Kevin"]
[Result "1-0"]
[WhiteElo "2026"]
[BlackElo "2196"]
[PlyCount "115"]
[EventDate "2015.12.28"]
[EventType "swiss"]
[EventRounds "7"]
[EventCountry "ESP"]
[SourceTitle "EXT 2024"]
[Source "ChessBase"]
[SourceDate "2023.10.10"]
[SourceVersion "1"]
[SourceVersionDate "2023.10.10"]
[SourceQuality "1"]

1. c4 c6 2. Nf3 Nf6 3. g3 d6 4. Bg2 e5 5. d3 Be7 6. 0-0 0-0 7. Nc3 Re8 8. Rb1 Nbd7 9. b4 Nf8 10. b5 Bd7 11. a4 Qc8 12. Re1 Rb8 13. Ba3 Ng6 14. Nd2 c5 15. Nf1 h5 16. Bc1 h4 17. Bg5 hxg3 18. hxg3 Bh3 19. Ne3 Bxg2 20. Kxg2 Ng4 21. Bxe7 Nxe3+ 22. fxe3 Rxe7 23. Rh1 f5 24. Nd5 Rf7 25. Qg1 f4 26. Qh2 Rf8 27. exf4 exf4 28. Qh7+ Kf7 29. Rbf1 Rh8 30. Qxg6+ Kxg6 31. Ne7+ Kg5 32. Nxc8 Rxh1 33. gxf4+ Kg4 34. Rxh1 Rxc8 35. e3 Re8 36. Kf2 Re7 37. Rg1+ Kf5 38. Kf3 g6 39. e4+ Kf6 40. Rh1 Kg7 41. Kg4 Kf6 42. Rh8 b6 43. Rf8+ Ke6 44. Kg5 Rh7 45. Kxg6 Rh3 46. Rf6+ Ke7 47. Rf7+ Ke6 48. f5+ Ke5 49. Rxa7 Rxd3 50. Re7+ Kd4 51. Re6 Kxc4 52. f6 Rg3+ 53. Kf5 Kb3 54. Rxd6 c4 55. Rxb6 c3 56. Rc6 c2 57. f7 Rf3+ 58. Ke6 1-0

[Event "Alzira op 2nd"]
[Site "Alzira"]
[Date "2015.08.21"]
[Round "2"]
[White "Crespo Calatayud, Santiago"]
[Black "Barbero Verdu, Francisco"]
[Result "0-1"]
[WhiteElo "1835"]
[BlackElo "2060"]
[PlyCount "104"]
[EventDate "2015.08.21"]
[EventType "swiss"]
[EventRounds "7"]
[EventCountry "ESP"]
[SourceTitle "EXT 2016"]
[Source "ChessBase"]
[SourceDate "2015.10.08"]
[SourceVersion "1"]
[SourceVersionDate "2015.10.08"]
[SourceQuality "1"]

1. Nf3 c5 2. c4 Nf6 3. e3 g6 4. d4 cxd4 5. exd4 Bg7 6. g3 b6 7. Bg2 Bb7 8. 0-0 0-0 9. Nc3 d6 10. Re1 Nbd7 11. Bg5 Rc8 12. b3 h6 13. Be3 Re8 14. Rc1 Qc7 15. d5 a5 16. Nb5 Qb8 17. Nfd4 Nc5 18. Nc6 Qa8 19. Bxc5 Bxc6 20. dxc6 bxc5 21. c7 Qa6 22. Bh3 Ra8 23. Rc2 Bf8 24. c8Q Raxc8 25. Bxc8 Qxc8 26. Qf3 Qh3 27. Rce2 Rd8 28. Nc7 Ng4 29. Qg2 Qh5 30. f4 Bg7 31. Nb5 e6 32. h3 Nf6 33. Rd2 Bf8 34. Rd3 Qf5 35. Red1 d5 36. Kh2 h5 37. Qf3 Rb8 38. Re1 Ne4 39. g4 hxg4 40. hxg4 Qf6 41. cxd5 Qh4+ 42. Kg2 Qxe1 43. Re3 Qb1 44. dxe6 fxe6 45. Nc7 Nf6 46. Nxe6 Qxa2+ 47. Kh3 Qc2 48. f5 Bd6 49. Kh4 gxf5 50. gxf5 Qh2+ 51. Kg5 Kf7 52. Re2 Rg8+ 0-1

[Event "Alzira op 4th"]
[Site "Alzira"]
[Date "2014.12.28"]
[Round "3"]
[White "Barbero Verdu, Francisco"]
[Black "Carbonell Sancho, Marc"]
[Result "1-0"]
[WhiteElo "2070"]
[BlackElo "1824"]
[PlyCount "53"]
[EventDate "2014.12.27"]
[EventType "swiss"]
[EventRounds "7"]
[EventCountry "ESP"]
[SourceTitle "CBM 164 Extra"]
[Source "ChessBase"]
[SourceDate "2015.03.02"]
[SourceVersion "1"]
[SourceVersionDate "2015.03.02"]
[SourceQuality "1"]

1. c4 Nf6 2. g3 g6 3. Bg2 Bg7 4. Nc3 d6 5. e3 e5 6. Nge2 0-0 7. 0-0 Be6 8. Bxb7 Nbd7 9. b3 Bh3 10. Bg2 Bxg2 11. Kxg2 h5 12. Bb2 Re8 13. f4 e4 14. Qc2 Nc5 15. Rad1 a5 16. Ba3 Nfd7 17. Nd4 Ra6 18. f5 g5 19. Nd5 c6 20. f6 Bf8 21. Ne7+ Bxe7 22. fxe7 Qxe7 23. Nf5 Qe6 24. Bb2 Qg6 25. Bc3 Ne5 26. Rb1 Rea8 27. Ne7+ 1-0

[Event "Provincial-ch Xeraco Preferente"]
[Site "Xeraco"]
[Date "2014.09.27"]
[Round "1.4"]
[White "Soler Nadal, Jose Antonio"]
[Black "Barbero Verdu, Francisco"]
[Result "0-1"]
[WhiteElo "1824"]
[BlackElo "2051"]
[PlyCount "62"]
[EventDate "2014.09.27"]
[EventType "swiss"]
[EventRounds "7"]
[EventCountry "ESP"]
[SourceTitle "EXT 2024"]
[Source "ChessBase"]
[SourceDate "2023.10.10"]
[SourceVersion "1"]
[SourceVersionDate "2023.10.10"]
[SourceQuality "1"]

1. Nf3 c5 2. e3 Nf6 3. d4 b6 4. c4 cxd4 5. exd4 d5 6. Nc3 e6 7. cxd5 Nxd5 8. Bb5+ Bd7 9. Bxd7+ Nxd7 10. Nxd5 exd5 11. 0-0 Be7 12. Bf4 0-0 13. Qd3 Nf6 14. Rac1 Bd6 15. Bg5 h6 16. Bh4 Re8 17. Rc2 Re4 18. Bg3 Nh5 19. Bxd6 Qxd6 20. Rfc1 Rae8 21. g3 Qg6 22. Qb5 Qg4 23. Ne5 R4xe5 24. dxe5 Rxe5 25. Rc8+ Kh7 26. Re8 Rg5 27. Qd3+ f5 28. Rcc8 Nf4 29. Rh8+ Kg6 30. Qd2 Qf3 31. Rc6+ Kh5 0-1

[Event "Alzira Christmas op 3rd"]
[Site "Alzira"]
[Date "2013.12.27"]
[Round "2"]
[White "Llopis Domenech, Joan"]
[Black "Barbero Verdu, Francisco"]
[Result "0-1"]
[WhiteElo "1743"]
[BlackElo "2077"]
[PlyCount "58"]
[EventDate "2013.12.27"]
[EventType "swiss"]
[EventRounds "7"]
[EventCountry "ESP"]
[SourceTitle "CBM 158 Extra"]
[Source "ChessBase"]
[SourceDate "2014.02.28"]
[SourceVersion "1"]
[SourceVersionDate "2014.02.28"]
[SourceQuality "1"]

1. d4 Nf6 2. c4 e5 3. d5 Bc5 4. Nf3 d6 5. Nc3 e4 6. Nd4 Qe7 7. Nb3 e3 8. Nxc5 exf2+ 9. Kxf2 dxc5 10. Qd3 Nbd7 11. e4 Ne5 12. Qc2 Nfg4+ 13. Kg1 h5 14. h3 Nh6 15. Bf4 g5 16. Bh2 Bd7 17. d6 Qxd6 18. Rd1 Qe6 19. Qd2 0-0-0 20. Qxg5 f6 21. Qxh5 Nhg4 22. Qf5 Qxf5 23. exf5 Nxh2 24. Kxh2 Rdg8 25. g4 Nxg4+ 26. Kg3 Ne3+ 27. Kf4 Nxd1 28. Nxd1 Rh4+ 29. Kf3 Bc6+ 0-1

[Event "Provincial-ch Valencia Preferente"]
[Site "Valencia"]
[Date "2013.11.16"]
[Round "6"]
[White "Bixquert Jimenez, Francisco"]
[Black "Barbero Verdu, Francisco"]
[Result "1/2-1/2"]
[WhiteElo "1937"]
[BlackElo "2067"]
[PlyCount "107"]
[EventDate "2013.10.05"]
[EventType "swiss"]
[EventRounds "7"]
[EventCountry "ESP"]
[SourceTitle "EXT 2024"]
[Source "ChessBase"]
[SourceDate "2023.10.10"]
[SourceVersion "1"]
[SourceVersionDate "2023.10.10"]
[SourceQuality "1"]

1. d4 Nf6 2. c4 e5 3. dxe5 Ng4 4. Bf4 Nc6 5. Nf3 Bb4+ 6. Nbd2 Qe7 7. e3 Ngxe5 8. Nxe5 Nxe5 9. Be2 d6 10. 0-0 Bxd2 11. Qxd2 0-0 12. h3 b6 13. b4 Bb7 14. Rac1 Ng6 15. Bh2 Nh4 16. f3 Rae8 17. Kf2 Nf5 18. Bd3 Qh4+ 19. Kg1 Nxe3 20. Rfe1 Qg5 21. Be4 Bxe4 22. Qxe3 Qxe3+ 23. Rxe3 Bc6 24. Rce1 Rxe3 25. Rxe3 Re8 26. Kf2 Kf8 27. Rc3 Ke7 28. Re3+ Kd8 29. Rxe8+ Bxe8 30. Ke3 f6 31. a3 Kd7 32. f4 Bf7 33. Kd4 c5+ 34. bxc5 bxc5+ 35. Kc3 f5 36. Bg1 Kc6 37. g4 g6 38. gxf5 gxf5 39. Bf2 a6 40. Bh4 d5 41. cxd5+ Kxd5 42. Be7 Ke4 43. Bg5 Bd5 44. h4 Kf3 45. h5 Bf7 46. h6 Ke4 47. Kc2 Kd4 48. Bf6+ Kc4 49. Be7 Be8 50. Bd6 Bb5 51. Be7 Kd4 52. Kd2 c4 53. Bf6+ Ke4 54. Be5 1/2-1/2

[Event "Provincial-ch Valencia Preferente"]
[Site "Valencia"]
[Date "2013.11.09"]
[Round "5"]
[White "Barbero Verdu, Francisco"]
[Black "Pino Fernandez, David"]
[Result "1-0"]
[WhiteElo "2067"]
[BlackElo "1825"]
[PlyCount "81"]
[EventDate "2013.10.05"]
[EventType "swiss"]
[EventRounds "7"]
[EventCountry "ESP"]
[SourceTitle "EXT 2024"]
[Source "ChessBase"]
[SourceDate "2023.10.10"]
[SourceVersion "1"]
[SourceVersionDate "2023.10.10"]
[SourceQuality "1"]

1. Nf3 Nf6 2. b3 g6 3. Bb2 Bg7 4. g3 d5 5. Bg2 Bf5 6. 0-0 0-0 7. d3 Qc8 8. Re1 c5 9. Nbd2 d4 10. c3 dxc3 11. Bxc3 Nc6 12. Rc1 Nd7 13. Bxg7 Kxg7 14. e4 Bg4 15. h3 Bxf3 16. Nxf3 e5 17. Qd2 b6 18. Qb2 Qa6 19. a3 Rfd8 20. b4 Qxd3 21. Red1 Qb5 22. Bf1 Qa4 23. bxc5 Qxe4 24. cxb6 Nxb6 25. Nd2 Qd4 26. Qb5 Ne7 27. Nc4 Rd5 28. Qb3 Qc5 29. Ne3 Qd6 30. Nxd5 Nbxd5 31. Qb7 Rb8 32. Qxa7 Rb3 33. a4 e4 34. Qd4+ Kf8 35. Qh8+ Ng8 36. Rc8+ Ke7 37. Rxd5 Qxd5 38. Qxg8 Qf5 39. Qd8+ Ke6 40. Rc6+ Ke5 41. Qd6# 1-0

[Event "Provincial-ch Valencia Preferente"]
[Site "Valencia"]
[Date "2012.11.17"]
[Round "6"]
[White "Barbero Verdu, Francisco"]
[Black "Martinez Primo, Jose Manuel"]
[Result "1/2-1/2"]
[WhiteElo "1993"]
[BlackElo "1928"]
[PlyCount "135"]
[EventDate "2012.10.06"]
[EventType "swiss"]
[EventRounds "7"]
[EventCountry "ESP"]
[SourceTitle "EXT 2024"]
[Source "ChessBase"]
[SourceDate "2023.10.10"]
[SourceVersion "1"]
[SourceVersionDate "2023.10.10"]
[SourceQuality "1"]

1. Nf3 e6 2. b3 f5 3. Bb2 Nf6 4. e3 d5 5. c4 Bd6 6. Nc3 c6 7. Qc2 0-0 8. Be2 Qe8 9. h3 Qg6 10. 0-0-0 Ne4 11. Rdf1 Qh6 12. g4 Ng5 13. Nxg5 Qxg5 14. gxf5 Qxf5 15. Bd3 Qh5 16. f4 Na6 17. Rfg1 Rf7 18. a3 Nc5 19. Be2 Qf5 20. Qxf5 exf5 21. b4 Ne4 22. cxd5 Nxc3 23. Bxc3 cxd5 24. Rg2 Be6 25. Rhg1 Bf8 26. h4 a5 27. bxa5 Bxa3+ 28. Kd1 Bf8 29. h5 Rc8 30. Bd4 Rfc7 31. Bd3 Rc1+ 32. Ke2 Rxg1 33. Rxg1 Ra8 34. Rg5 h6 35. Rg6 Bf7 36. Rb6 Bxh5+ 37. Ke1 Rxa5 38. Bxf5 Bc5 39. Be6+ Kf8 40. Bxc5+ Rxc5 41. Rxb7 Rc1+ 42. Kf2 Rd1 43. Rb2 Bf7 44. Ke2 Rh1 45. Bxf7 Kxf7 46. Rb7+ Kf6 47. Rd7 Rh5 48. Kf3 g6 49. Rd6+ Kf7 50. Kg4 Rf5 51. d3 Kg7 52. Ra6 Rf6 53. Ra8 Re6 54. Kf3 h5 55. Rd8 h4 56. Rxd5 h3 57. e4 Rf6 58. Rd7+ Kg8 59. Ra7 g5 60. f5 Rd6 61. Ra3 g4+ 62. Kxg4 h2 63. Ra1 Rxd3 64. e5 Kf7 65. Ra7+ Kf8 66. Ra1 Kf7 67. Kf4 Ra3 68. Rh1 1/2-1/2

[Event "Provincial-ch Valencia Preferente"]
[Site "Valencia"]
[Date "2012.11.10"]
[Round "5"]
[White "Bixquert Jimenez, Francisco"]
[Black "Barbero Verdu, Francisco"]
[Result "0-1"]
[WhiteElo "1912"]
[BlackElo "1993"]
[PlyCount "96"]
[EventDate "2012.10.06"]
[EventType "swiss"]
[EventRounds "7"]
[EventCountry "ESP"]
[SourceTitle "EXT 2024"]
[Source "ChessBase"]
[SourceDate "2023.10.10"]
[SourceVersion "1"]
[SourceVersionDate "2023.10.10"]
[SourceQuality "1"]

1. d4 Nf6 2. c4 g6 3. Nc3 Bg7 4. e4 d6 5. h3 0-0 6. Nf3 Nc6 7. Bg5 h6 8. Bf4 e5 9. dxe5 Nh5 10. Be3 Nxe5 11. Nxe5 dxe5 12. Qxd8 Rxd8 13. Nd5 c6 14. Nc7 Be6 15. Nxa8 Rxa8 16. Be2 Nf4 17. Bxf4 exf4 18. 0-0-0 c5 19. Kc2 a6 20. f3 b5 21. b3 b4 22. Rd6 Bf8 23. Rd2 a5 24. a4 bxa3 25. Ra1 a4 26. Rxa3 axb3+ 27. Kxb3 Rb8+ 28. Kc2 Bg7 29. Rb3 Ra8 30. Rbd3 Kh7 31. Rd8 Ra1 32. Kb3 Rb1+ 33. Kc2 Rb4 34. Kc1 Bf6 35. R8d6 Bc3 36. Rc2 Be5 37. Ra6 Bd4 38. Rca2 Kg7 39. R6a4 Rb3 40. R4a3 Bb2+ 41. Rxb2 Rxa3 42. Rb5 Bxc4 43. Bxc4 Rc3+ 44. Kd2 Rxc4 45. e5 Rd4+ 46. Ke2 Rd5 47. Ra5 Rxe5+ 48. Kd3 c4+ 0-1